000 00241nam a22000857a 4500
008 160716b xxu||||| |||| 00| 0 eng d
100 _92947
_a Wilson, D.C
245 _aTen Fingers For God
260 _aChennai
_b Evangelical Literature Service
_c2006
999 _c2511
_d2511